000 00837nam a2200265Ia 4500
001 Z_578
003 CHAP
008 220113s1971 xx 000 0 und d
010 _a163688
040 _cCHAP
090 _aTesis O 335
100 _aOrtíz López, Carlos Gustavo
_983997
245 _aInfluencia del mes de parto y número de partos en la producción láctea en un hato lechero de Texcoco y México, D. F. /
_cpor Carlos Gustavo Ortíz López
260 _aChapingo, Méx. :
_bEl autor,
_c1971
300 _a56 h.; apénd.; ilus.
502 _aTesis (Ing. Agrónomo Esp. en Zootecnia) -- ENA. Departamento de Zootcnia
650 _aGanado lechero
_xFertilidad
_945265
650 _aLeche
_xProducción
_965400
901 _aTESIS O 335
902 _aM
910 _a1971
942 _c2
942 _c2
999 _c163688
_d163688